| 000 | 00371nam a2200145Ia 4500 | ||
|---|---|---|---|
| 008 | 230917s9999||||xx |||||||||||||| ||und|| | ||
| 040 |
_e170158 _aMAIN |
||
| 041 | _aEnglish | ||
| 082 | _a338.4791 D642A | ||
| 100 | _aDixit, Saurab Kumar | ||
| 245 | 0 | _aAspects of tourism development | |
| 260 |
_aNew Delhi _bMohit Publications _c2005 |
||
| 300 | _a247 p. | ||
| 942 | _cBK | ||
| 999 |
_c153593 _d153593 |
||